000 00886cem a22001935a 4500
001 L140442
008 070924s1925 bb a 0 eng u
035 _a(Sirsi) u140442
041 0 _aeng
100 1 _aBowhill, James A. P.
245 0 0 _aMap of the Island of Barbados West Indies
_breduced from Parson's Map of the Island
_h[cartographic material]
255 _aScale 1:63360
260 _aBridgetown
_bJames A. P. Bowhill
_c1925
300 _a1 map
_bcol., rolled
_c47 x 35 cm. +
_e1 sheet (25 cm.)
500 _aMap is accompanied by a letter from James A. P. Bowhill dated 25 June 1926 and addressed to the Secretary of the Surveyors' Institution, stating that his map of Barbados is enclosed under separate cover, for inclusion in the library.
651 4 _aBarbados
690 _aENVIRONMENTAL AND LAND CONSULTANCY-GEOMATICS-MAPPING AND POSITIONING-CARTOGRAPHY
942 _n0
999 _c116881
_d116881